000 00215nam a2200085Ia 4500
008 191206s9999 xx 000 0 und d
020 _a9.78034E+12
090 _aGB581.AND
245 0 _aGRACIAL AND PERIGLACIAL ENVIRONMENTS
999 _c16071
_d16071